| 000 | 00844cam a22002534a 4500 | ||
|---|---|---|---|
| 001 | BD-DhSAU 5057 | ||
| 003 | BD-DhSAU | ||
| 005 | 20150411115225.0 | ||
| 008 | 031031s2005 enka rb 001 0 eng | ||
| 020 | _a1853839264 | ||
| 020 | _a1853839264 (hardback : alk. paper) | ||
| 040 | _aBD-DhSAU | ||
| 082 | 0 | 0 |
_a333.91 _222 _bROC |
| 100 | 1 |
_aFalkenmark, Malin, _d1925- |
|
| 245 | 1 | 0 |
_aBalancing water for humans and nature : _bthe new approach in ecohydrology / _cMalin Falkenmark and Johan Rockstrom ; with contributions by Hubert Savenije. |
| 260 |
_aLondon : _aSterling, VA : _bEarthscan, _cc2005. |
||
| 300 |
_axxiv, 247 p. : _bill. ; _c25 cm. |
||
| 504 | _aIncludes bibliographical references and index. | ||
| 590 | _ajoy | ||
| 650 | 0 | _aEcohydrology. | |
| 650 | 0 | _aHuman ecology. | |
| 650 | 0 | _aWater use. | |
| 700 | 1 | _aRockström, Johan. | |
| 942 |
_2ddc _cBOOK |
||
| 999 |
_c5057 _d5057 |
||